000 00632nam a22001937a 4500
003 KOHA_MİRAKIL
005 20260407084350.0
008 260407b tu ||||| |||| 00| 0 tur d
040 _aTR-AnABB
_btur
_cTR-AnABB
041 _atur
082 _a306.09566
_bBES 1969
100 1 _aBeşikçi, İsmail
245 1 0 _aDoğuda değişim ve yapısal sorunlar /
_cİsmail Beşikçi
246 _aGöçebe Alikan Aşireti
260 _aAnkara :
_bDoğan Yayınevi,
_c1969
300 _a255 sayfa :
_bfotoğraf, tablolar, harita ;
_c20 cm
650 0 4 _aKültürel ve Sosyal Yapı, Doğu Anadolu Bölgesi
942 _2ddc
_cBK
999 _c10174
_d10174
900 _bCan ÇELIK